Dans quel sport peut-on disputer cette compétition? - Statistiques

Statistiques générales
  • Ce quiz a été pris 92 fois
  • Le résultat moyen est 10 sur 14
Statistiques - réponses
Compétition Sport % Correct
NBA Basketball
99%
Tour de France Cyclisme
99%
US Open Tennis
99%
Super Bowl Football américain
98%
Tournoi des 6 Nations Rugby
95%
Grand Prix Formule 1
93%
Coupe des Champions Football
90%
Vendée Globe Voile
84%
WWE Catch
79%
MLB Baseball
56%
Ryder Cup Golf
56%
WBA Boxe
41%
Compétition Hahnenkamm Ski
15%
Grand Slam Judo
12%
Aucun quiz correspondant
Distribution des résultats
% des personnes avec chaque résultat
Percentile par nombre de réponses
Votre historique - résultats
Vous n’avez pas pris ce quiz